000
00329 a2200157 4500
001
62343
020
_a
9788537713792
040
_c
Anchieta - Pituba
100
_a
Souza, Shirley
240
1
0
_a
E eu com isso?
_l
por
245
1
0
_a
E eu com isso?
300
_a
94
362
0
_a
2010
650
4
_a
Literatura juvenil
942
_c
BK
999
_c
62343
_d
62343